[Event "Commonwealth & South African Open 2011"]
[Site "Emperors Casino and Conference"]
[Date "2011.06.24"]
[Round "2.92"]
[White "Dhlalisa, Makhosonke K"]
[Black "Bornheim, Craig"]
[Result "1/2-1/2"]
[WhiteElo "1413"]
[BlackElo "1806"]
[PlyCount "127"]
[EventDate "2011.06.24"]

1. d4 Nf6 2. c4 c5 3. Nf3 cxd4 4. Nxd4 e5 5. Nb5 d6 6. Bg5 a6 7. Bxf6 gxf6 8.
N5c3 Nc6 9. g3 Be6 10. Nd5 Bg7 11. Nbc3 Rc8 12. Bg2 O-O 13. O-O f5 14. e3 e4
15. Rc1 Ne5 16. b3 Re8 17. Ne2 Nd3 18. Rc2 Bxd5 19. cxd5 Qa5 20. Nf4 Rxc2 21.
Qxc2 Ne1 22. Qe2 Nxg2 23. Kxg2 Re5 24. Rd1 Re7 25. Rc1 Rc7 26. Rxc7 Qxc7 27.
Qh5 Qd7 28. Qg5 h6 29. Qh5 Kh7 30. h3 Bf6 31. g4 fxg4 32. hxg4 Kg7 33. Qf5 Qxf5
34. gxf5 Be5 35. Nh5+ Kh7 36. Kh3 b5 37. Kg4 a5 38. Ng3 Bxg3 39. fxg3 Kg7 40.
Kf4 Kf6 41. g4 b4 42. Kxe4 Kg5 43. Kf3 f6 44. e4 h5 45. gxh5 Kxh5 46. Kg3 Kg5
47. Kf3 Kh5 48. Ke3 Kg5 49. Kd3 Kf4 50. Kd4 Kg4 51. Kc4 Kf4 52. Kb5 Kxe4 53.
Kxa5 Kxf5 54. Kxb4 Ke4 55. a4 f5 56. a5 f4 57. a6 f3 58. a7 f2 59. a8=Q f1=Q
60. Qe8+ Kxd5 61. Qh5+ Kc6 62. Qe8+ Kd5 63. Qa8+ Ke5 64. Qe8+ 1/2-1/2

[Event "Commonwealth & South African Open 2011"]
[Site "Emperors Casino and Conference"]
[Date "2011.06.24"]
[Round "2.94"]
[White "Robin, Alwin"]
[Black "Naidu, Sayen"]
[Result "1/2-1/2"]
[WhiteElo "1406"]
[BlackElo "1797"]
[PlyCount "55"]
[EventDate "2011.06.24"]

1. d4 d5 2. Nf3 c6 3. c4 e6 4. g3 Bd6 5. Bg2 f5 6. Nbd2 Nf6 7. O-O O-O 8. Re1
Nbd7 9. Ng5 Qe7 10. f4 Ne4 11. Ngf3 Ndf6 12. Nxe4 Nxe4 13. Ne5 Bd7 14. e3 Rad8
15. a3 Be8 16. Qe2 Nf6 17. Bf3 c5 18. Bd2 Ne4 19. cxd5 exd5 20. Bxe4 fxe4 21.
Bc3 Bxe5 22. fxe5 Qe6 23. Rad1 a6 24. Qc2 Bb5 25. b4 b6 26. bxc5 bxc5 27. Ba5
Rc8 28. Bc3 1/2-1/2

[Event "Commonwealth & South African Open 2011"]
[Site "Emperors Casino and Conference"]
[Date "2011.06.24"]
[Round "2.95"]
[White "Marais, Sibylie"]
[Black "Ringoir, Tanguy"]
[Result "0-1"]
[WhiteElo "1468"]
[BlackElo "2399"]
[PlyCount "38"]
[EventDate "2011.06.24"]

1. e4 c6 2. Nf3 d5 3. e5 Bg4 4. d4 e6 5. g3 c5 6. c3 Nc6 7. Bg2 cxd4 8. cxd4
Qb6 9. Nbd2 Nge7 10. h3 Bxf3 11. Nxf3 Nf5 12. Be3 Bb4+ 13. Kf1 O-O 14. Qd3 f6
15. Rd1 fxe5 16. Nxe5 Nxe5 17. dxe5 Nxe3+ 18. Ke2 Nxd1 19. Kxd1 Rxf2 0-1

[Event "Commonwealth & South African Open 2011"]
[Site "Emperors Casino and Conference"]
[Date "2011.06.24"]
[Round "2.96"]
[White "Vermeulen, Ernestus J"]
[Black "Makhubela L"]
[Result "0-1"]
[WhiteElo "1607"]
[BlackElo "1468"]
[PlyCount "118"]
[EventDate "2011.06.24"]

1. c4 b6 2. d4 e6 3. Nc3 d5 4. Nf3 Nf6 5. Bf4 Bd6 6. Bxd6 Qxd6 7. e3 O-O 8. Qc2
Bb7 9. cxd5 exd5 10. Rc1 c6 11. Bd3 Nbd7 12. O-O h6 13. g3 Rfe8 14. b4 Rac8 15.
Qa4 Qb8 16. Ba6 b5 17. Qa5 Nb6 18. Nd2 Nc4 19. Nxc4 bxc4 20. Bxb7 Qxb7 21. b5
Ne4 22. bxc6 Qxc6 23. Qxd5 Nxc3 24. Qxc6 Ne2+ 25. Kh1 Rxc6 26. Rc2 Nxd4 27.
exd4 Rd8 28. Rd1 Kf8 29. g4 Ke7 30. Kg2 Ke6 31. Kf3 Kd5 32. Re1 Rdd6 33. Rd1
Re6 34. Re2 Rxe2 35. Kxe2 Re6+ 36. Kd2 Kxd4 37. Kc2+ Kc5 38. Rd2 Rd6 39. Re2
Rd3 40. Re5+ Kd6 41. Ra5 Rf3 42. Rxa7 Rxf2+ 43. Kc3 Kc5 44. Rc7+ Kb5 45. Rb7+
Kc6 46. Ra7 Kb6 47. Re7 Kc5 48. Rc7+ Kd5 49. Rd7+ Ke6 50. Rd2 Rf3+ 51. Kxc4 Ra3
52. Kb4 Re3 53. Kc4 Kf6 54. Kd4 Re7 55. Rf2+ Kg5 56. h3 h5 57. Rf3 f5 58. Kd5
Re1 59. Rxf5+ Kh6 {Could not read hand writing} 0-1

[Event "Commonwealth & South African Open 2011"]
[Site "Emperors Casino and Conference"]
[Date "2011.06.24"]
[Round "2.97"]
[White "Aparna, Raja"]
[Black "Viljoen, Charldon"]
[Result "1/2-1/2"]
[WhiteElo "1893"]
[BlackElo "1381"]
[PlyCount "88"]
[EventDate "2011.06.24"]

1. e4 e6 2. d4 d5 3. exd5 exd5 4. Nf3 Nf6 5. c3 Bf5 6. Bg5 Nbd7 7. Nbd2 Be7 8.
Be2 O-O 9. O-O Re8 10. Re1 Bd6 11. Nf1 c6 12. Ne3 Bg6 13. Ng4 Qb6 14. Nxf6+
Nxf6 15. Bxf6 gxf6 16. Qd2 Kg7 17. h3 Re6 18. Bf1 Rae8 19. b3 c5 20. Rad1 Rxe1
21. Rxe1 Rxe1 22. Qxe1 Qa5 23. Qd2 Be4 24. Nh4 cxd4 25. Qxd4 Be5 26. Qe3 Qxa2
27. c4 Qa3 28. cxd5 Bxd5 29. Nf5+ Kf8 30. Qh6+ Ke8 31. Qxh7 Qxb3 32. Ng7+ Kd7
33. Qf5+ Be6 34. Qe4 a5 35. Nxe6 fxe6 36. Qh7+ Kd6 37. Qg8 a4 38. Qd8+ Kc6 39.
g3 Kc5 40. Qc8+ Kb4 41. Qxb7+ Kc3 42. Qf3+ Kb2 43. Qe2+ Kc3 44. Qe3+ Kb2
1/2-1/2

[Event "Commonwealth & South African Open 2011"]
[Site "Emperors Casino and Conference"]
[Date "2011.06.24"]
[Round "2.98"]
[White "Redford, Stephen J"]
[Black "Pienaar, Jean"]
[Result "1/2-1/2"]
[WhiteElo "1818"]
[BlackElo "1434"]
[PlyCount "83"]
[EventDate "2011.06.24"]

1. e4 e6 2. d4 d5 3. Nd2 Nf6 4. e5 Nfd7 5. Bd3 c5 6. c3 Nc6 7. Ne2 Qb6 8. Nf3
cxd4 9. cxd4 Bb4+ 10. Kf1 a5 11. Be3 Nf8 12. h4 Be7 13. Nc3 Nb4 14. Bb1 Bd7 15.
a3 Nc6 16. Bd3 Na7 17. Qe2 h5 18. g3 f5 19. Kg2 Nh7 20. Rac1 Kf7 21. Rhe1 Rag8
22. Qd2 Qd8 23. Nxd5 exd5 24. e6+ Bxe6 25. Ne5+ Kf8 26. Ng6+ Kf7 27. Nxh8+ Rxh8
28. Qc2 g6 29. Qd2 Nf6 30. f3 Nc6 31. Bb5 Qb6 32. Qe2 Bd7 33. Bxc6 Bxc6 34. Bg5
Bd6 35. Qd2 Rb8 36. Re2 Qc7 37. Rce1 Ng8 38. Bf4 Bxf4 39. gxf4 Qd8 40. Kg3 a4
41. Re6 Be8 42. Qc2 1/2-1/2

[Event "Commonwealth & South African Open 2011"]
[Site "Emperors Casino and Conference"]
[Date "2011.06.24"]
[Round "2.100"]
[White "Surujhlal, Divek"]
[Black "Kolver, Michelle"]
[Result "1-0"]
[WhiteElo "1717"]
[BlackElo "1273"]
[PlyCount "39"]
[EventDate "2011.06.24"]

1. e4 e5 2. Nf3 Nc6 3. d4 exd4 4. Nxd4 Nxd4 5. Qxd4 Qe7 6. Bc4 d6 7. Nc3 Be6 8.
Bb3 Nf6 9. O-O Ng4 10. Bd2 Ne5 11. Nd5 Qd7 12. Ba4 Nc6 13. Qc3 O-O-O 14. Nb4 d5
15. Nxc6 d4 16. Qa5 bxc6 17. Qa6+ Kb8 18. Bxc6 Qc8 19. Qb5+ Qb7 20. Qxb7# 1-0

[Event "Commonwealth"]
[Site "?"]
[Date "2011.06.27"]
[Round "3.86"]
[White "Bester, C.L."]
[Black "Rooplal, D."]
[Result "1/2-1/2"]
[WhiteElo "1498"]
[BlackElo "1754"]
[PlyCount "53"]
[EventDate "2011.06.27"]
[SourceDate "2011.06.27"]

1. e4 e5 2. Nf3 Nc6 3. Nc3 Nf6 4. Bc4 Bc5 5. d3 h6 6. O-O O-O 7. a3 a6 8. b4
Ba7 9. Nd5 d6 10. c3 Be6 11. Be3 Bxd5 12. Bxd5 Nxd5 13. exd5 Ne7 14. c4 c6 15.
Bxa7 Rxa7 16. dxc6 bxc6 17. d4 e4 18. Nd2 d5 19. c5 Nf5 20. Nb3 Qg5 21. f4 Qg6
22. Qe2 Rc8 23. Rac1 Qf6 24. Rfd1 Qh4 25. g4 Ne7 26. Rc3 Ng6 27. Rf1 1/2-1/2

[Event "Commonwealth"]
[Site "?"]
[Date "2011.06.26"]
[Round "3.87"]
[White "Koekemoer, B."]
[Black "Agulhas, T."]
[Result "1-0"]
[WhiteElo "1782"]
[BlackElo "1488"]
[PlyCount "97"]
[EventDate "2011.06.27"]
[SourceDate "2011.06.27"]

1. d4 Nf6 2. c4 g6 3. g3 Bg7 4. Bg2 O-O 5. Nf3 d6 6. O-O Nc6 7. b3 Re8 8. Bb2
Nb8 9. Nc3 Na6 10. Qd2 c5 11. e3 Rb8 12. Rad1 Bd7 13. Qe2 cxd4 14. Nxd4 Nc7 15.
Rd2 b6 16. Nc6 Bxc6 17. Bxc6 Rf8 18. Bg2 Rc8 19. Rfd1 Nce8 20. Nb5 a6 21. Na7
Rc7 22. Nc6 Qc8 23. Nb4 a5 24. Nc2 e6 25. Na3 d5 26. Nb5 Rd7 27. Ba3 Nc7 28.
Bxf8 Bxf8 29. Nxc7 Qxc7 30. cxd5 Bb4 31. Rc2 Qd8 32. Rdc1 Kg7 33. dxe6 fxe6 34.
Rc6 Rd6 35. Rc8 Qe7 36. e4 e5 37. Bh3 Bc5 38. a3 Rd4 39. Rc4 Qd6 40. Rxd4 Qxd4
41. Rc7+ Kh8 42. Qf3 Nxe4 43. Rxc5 Qxc5 44. Qxe4 Qxa3 45. Qxe5+ Kg8 46. Be6+
Kf8 47. Qf6+ Ke8 48. Qf7+ Kd8 49. Qd7# 1-0

[Event "Commonwealth"]
[Site "?"]
[Date "2011.06.26"]
[Round "3.88"]
[White "Harding, APR."]
[Black "Hoek, A."]
[Result "0-1"]
[WhiteElo "1493"]
[BlackElo "1751"]
[PlyCount "40"]
[EventDate "2011.06.27"]
[SourceDate "2011.06.27"]

1. e4 c5 2. Nf3 g6 3. d4 cxd4 4. Nxd4 Bg7 5. Be3 Nc6 6. Nc3 Nf6 7. Qd2 Ng4 8.
Nxc6 bxc6 9. Bf4 Qa5 10. f3 Nf6 11. Bh6 O-O 12. Bxg7 Kxg7 13. Bc4 Rd8 14. O-O-O
Bb7 15. Bb3 d5 16. e5 Nd7 17. Qf4 Nc5 18. h4 Ne6 19. Qd2 d4 20. Bxe6 dxc3 0-1

[Event "Commonwealth"]
[Site "?"]
[Date "2011.06.26"]
[Round "3.89"]
[White "Block, T."]
[Black "Fuller, G."]
[Result "1/2-1/2"]
[WhiteElo "1492"]
[BlackElo "1750"]
[PlyCount "71"]
[EventDate "2011.06.27"]
[SourceDate "2011.06.27"]

1. e4 c5 2. Nf3 Nc6 3. d4 cxd4 4. Nxd4 Nf6 5. Nc3 d6 6. Bb5 Bd7 7. f3 g6 8. Be3
Bg7 9. Qd2 O-O 10. O-O-O Rc8 11. Qf2 Ne5 12. Bxd7 Qxd7 13. Nb3 b6 14. Bd4 Nc6
15. e5 Nxd4 16. Qxd4 Ne8 17. Rhe1 Qc7 18. f4 Qc6 19. Qd5 e6 20. Qb5 d5 21. Qxc6
Rxc6 22. Nb5 a6 23. N3d4 Rc8 24. Na7 Rc7 25. Nac6 Bh6 26. g3 Ng7 27. Kb1 Rfc8
28. Nb4 a5 29. Nd3 Ne8 30. Nf2 Bf8 31. Ng4 Kg7 32. b4 h5 33. Ne3 Be7 34. a3 Kh7
35. Nb5 Rc5 36. Nc3 1/2-1/2

[Event "Commonwealth"]
[Site "?"]
[Date "2011.06.26"]
[Round "3.90"]
[White "Tshabalala, M."]
[Black "Zwakalala, N."]
[Result "0-1"]
[WhiteElo "1489"]
[BlackElo "1747"]
[PlyCount "90"]
[EventDate "2011.06.27"]
[SourceDate "2011.06.27"]

1. d4 e6 2. e4 d5 3. e5 c5 4. c3 Nc6 5. Bb5 Qb6 6. Bxc6+ bxc6 7. Nf3 Ba6 8.
Nbd2 cxd4 9. Nxd4 Ne7 10. N2b3 c5 11. Nf3 Ng6 12. Be3 Be7 13. Qd2 O-O 14. h4
Qc7 15. O-O-O d4 16. Bf4 dxc3 17. bxc3 Rfd8 18. Qe3 c4 19. Nbd4 Qa5 20. Rd2
Nxf4 21. Qxf4 Qxc3+ 22. Nc2 Qa5 23. Rxd8+ Rxd8 24. Nfd4 Ba3+ 25. Kd1 Rb8 26.
Ke2 Rb2 27. Kf3 Qa4 28. Rd1 Rxc2 29. Nxc2 Qxc2 30. Rd8+ Bf8 31. Qe3 Bb7+ 32.
Kg3 Qe4 33. Qxe4 Bxe4 34. Rc8 Bd5 35. Kf4 g6 36. g4 Kg7 37. Ke3 Bb4 38. a4 a5
39. f4 c3 40. Kd3 Bf3 41. g5 Bd1 42. Rxc3 Bxc3 43. Kxc3 Bxa4 44. Kc4 Kf8 45.
Kc5 Be8 0-1

[Event "Commonwealth"]
[Site "?"]
[Date "2011.06.26"]
[Round "3.92"]
[White "Davies, Y."]
[Black "van de Venter, W."]
[Result "1-0"]
[WhiteElo "1498"]
[BlackElo "1763"]
[PlyCount "79"]
[EventDate "2011.06.27"]
[SourceDate "2011.06.27"]

1. e4 e5 2. Nf3 Nc6 3. d4 exd4 4. Nxd4 Bc5 5. Be3 Qf6 6. c3 Nge7 7. Be2 O-O 8.
O-O Bb6 9. Na3 d5 10. Nxc6 bxc6 11. exd5 cxd5 12. Bxb6 axb6 13. Re1 Be6 14. Nb5
Rac8 15. Bf3 c5 16. Qe2 Nf5 17. Qe5 Qg6 18. Bxd5 Bd7 19. Be4 Rfe8 20. Bxf5 Rxe5
21. Bxg6 Rxe1+ 22. Rxe1 hxg6 23. Nd6 Rc6 24. Nc4 Be6 25. b3 b5 26. Nd2 Bf5 27.
f3 c4 28. bxc4 bxc4 29. a4 Bd3 30. a5 Kf8 31. Ra1 Ra6 32. Kf2 Ke7 33. Ke3 Kd7
34. Kd4 Rd6+ 35. Kc5 Rc6+ 36. Kb5 Kc7 37. Ne4 f6 38. Nc5 Bc2 39. a6 Rb6+ 40.
Kxc4 1-0

[Event "Commonwealth"]
[Site "?"]
[Date "2011.06.26"]
[Round "3.93"]
[White "Pearson, R."]
[Black "Tlale, T."]
[Result "0-1"]
[WhiteElo "1482"]
[BlackElo "1739"]
[PlyCount "131"]
[EventDate "2011.06.27"]
[SourceDate "2011.06.27"]

1. d4 g6 2. Nf3 Bg7 3. e3 d6 4. b3 c5 5. Bb2 Nc6 6. Nbd2 cxd4 7. exd4 Nf6 8.
Bd3 O-O 9. O-O Nb4 10. Bc4 Bf5 11. c3 Nd3 12. Bxd3 Bxd3 13. Re1 Rc8 14. h3 Bf5
15. Nh4 Be6 16. Qe2 Nd5 17. Ne4 Nf4 18. Qf3 Bh6 19. Bc1 g5 20. Bxf4 gxf4 21.
Qh5 Bg7 22. Ng5 h6 23. Nxe6 fxe6 24. Rxe6 Rf6 25. Rxf6 Bxf6 26. Nf5 Qe8 27.
Qxe8+ Rxe8 28. Nxh6+ Kh7 29. Ng4 Bh8 30. Rd1 Kg6 31. Rd3 e6 32. f3 d5 33. Kf2
b5 34. g3 fxg3+ 35. Kxg3 Rc8 36. Re3 Kf7 37. Ne5+ Kf6 38. Nd7+ Ke7 39. Nc5 e5
40. f4 e4 41. Na6 Bf6 42. Nb4 Rg8+ 43. Kh2 Kd6 44. Rg3 Rxg3 45. Kxg3 a5 46. Nc2
b4 47. cxb4 axb4 48. Kf2 Kd7 49. Ke3 Be7 50. f5 Ke8 51. h4 Kf7 52. Kf4 Kf6 53.
h5 Bd6+ 54. Ke3 Kxf5 55. Ke2 Kg5 56. Ne3 Kxh5 57. Nxd5 Kg5 58. Ke3 Kf5 59. Nb6
Kf6 60. Ke2 Ke6 61. Nc4 Kd5 62. Nb6+ Kxd4 63. Nc4 Kc3 64. Na5 Kc2 65. Nc4 e3
66. Kxe3 0-1

[Event "Commonwealth"]
[Site "?"]
[Date "2011.06.26"]
[Round "3.94"]
[White "Qanqa, N."]
[Black "Siddiqui, N."]
[Result "1/2-1/2"]
[WhiteElo "1476"]
[BlackElo "1738"]
[PlyCount "45"]
[EventDate "2011.06.27"]
[SourceDate "2011.06.27"]

1. e4 e5 2. Nf3 Nc6 3. d4 exd4 4. Nxd4 Bc5 5. Be3 Qf6 6. c3 Nge7 7. Bc4 Qg6 8.
O-O d6 9. Nd2 Ne5 10. Kh1 Nxc4 11. Qa4+ c6 12. Qxc4 O-O 13. Rae1 Bb6 14. f4 Bc7
15. f5 Qh5 16. Qe2 Qxe2 17. Rxe2 d5 18. f6 gxf6 19. Rxf6 dxe4 20. Bh6 Nd5 21.
Rff2 Bg4 22. Re1 Be5 23. h3 1/2-1/2

[Event "Commonwealth"]
[Site "?"]
[Date "2011.06.26"]
[Round "3.95"]
[White "van Zyl, C."]
[Black "du Toit, S."]
[Result "1/2-1/2"]
[WhiteElo "1461"]
[BlackElo "1737"]
[Annotator ",Admin"]
[PlyCount "74"]
[EventDate "2011.06.27"]
[SourceDate "2011.06.27"]

1. c4 e6 2. Nc3 d5 3. Nf3 Nf6 4. d3 c5 5. Bg5 Be7 6. g3 O-O 7. Bg2 d4 8. Nb1
Nc6 9. O-O e5 10. Nbd2 h6 11. Bxf6 Bxf6 12. Ne4 Be7 13. a3 Rb8 14. Qc2 b6 {
Scribble} 15. Rab1 Bb7 16. Bh3 f5 17. Ned2 Qc7 18. Qd1 Rbe8 19. Bg2 Qd8 20.
Nxe5 Nxe5 21. Bxb7 Bd6 22. Bd5+ Kh8 23. Nf3 Qe7 24. Qd2 Ng4 25. Nh4 Qf6 26. Ng2
Ne5 27. b4 Qe7 28. b5 Ng4 29. Nh4 Rf6 30. Bf3 g5 31. Nxf5 Rxf5 32. Bxg4 Rf6 33.
Rb2 Ref8 34. Bh3 Qf7 35. Qe1 Be5 36. Bg2 Qg7 37. Rb1 h5 1/2-1/2

[Event "Commonwealth"]
[Site "?"]
[Date "2011.06.26"]
[Round "3.97"]
[White "Grobbelaar, J."]
[Black "Alberts, J."]
[Result "0-1"]
[WhiteElo "1467"]
[BlackElo "1731"]
[PlyCount "52"]
[EventDate "2011.06.27"]
[SourceDate "2011.06.27"]

1. e4 e5 2. f4 d5 3. exd5 c6 4. dxc6 Nxc6 5. Bc4 exf4 6. Nf3 Bg4 7. O-O Bxf3 8.
Qxf3 Qd4+ 9. Kh1 Qxc4 10. d3 Qd4 11. Bxf4 Nf6 12. Nc3 a6 13. Bg5 Be7 14. Ne4
Ne5 15. Qf4 Nxe4 16. dxe4 Bxg5 17. Qxg5 O-O 18. c3 Qd6 19. Rad1 Qe6 20. h4 h6
21. Qg3 Rad8 22. Rde1 Rd3 23. Re3 Rfd8 24. Rf5 Rxe3 25. Qxe3 Rd1+ 26. Kh2 Ng4+
0-1

[Event "Commonwealth"]
[Site "?"]
[Date "2011.06.26"]
[Round "3.98"]
[White "Mafanya, K."]
[Black "Sanjay, B."]
[Result "1-0"]
[WhiteElo "1726"]
[BlackElo "1428"]
[PlyCount "83"]
[EventDate "2011.06.26"]
[SourceDate "2011.06.27"]

1. d4 Nf6 2. Nf3 g6 3. c4 Bg7 4. Nc3 O-O 5. e4 d6 6. Be2 Bg4 7. O-O Nfd7 8. Be3
Nc6 9. Rc1 Bxf3 10. Bxf3 e5 11. Ne2 f5 12. d5 Ne7 13. g3 fxe4 14. Bxe4 Nf6 15.
Bg2 Nf5 16. Bd2 Nd4 17. Nxd4 exd4 18. Be1 Nd7 19. f4 Qf6 20. Bf2 Rae8 21. b4 b6
22. Qd2 Re7 23. Rfe1 Rfe8 24. Rxe7 Rxe7 25. Re1 Rxe1+ 26. Qxe1 d3 27. Bh3 Nf8
28. Qd2 Qa1+ 29. Bf1 Bc3 30. Qxd3 Bxb4 31. Qe2 Bc5 32. Bxc5 bxc5 33. h3 Qc3 34.
Kh2 Qg7 35. Qc2 Nd7 36. Qa4 Nf6 37. Qxa7 Ne4 38. Qb8+ Qf8 39. Qxf8+ Kxf8 40.
Bd3 Nc3 41. a3 Nb5 42. cxb5 1-0

[Event "Commonwealth & South African Open 2011"]
[Site "Emperors Casino and Conference"]
[Date "2011.06.24"]
[Round "2.2"]
[White "Gupta, Abhijeet"]
[Black "Hanekom, Johannes AJ"]
[Result "1-0"]
[WhiteElo "2604"]
[BlackElo "1792"]
[PlyCount "53"]
[EventDate "2011.06.24"]

1. d4 d5 2. c4 e6 3. Nc3 f5 4. Nf3 Nf6 5. Bf4 c6 6. e3 Bd6 7. Bd3 O-O 8. O-O
Bc7 9. Qc2 Ne4 10. Rac1 Nd7 11. cxd5 Nxc3 12. Bxc7 Qxc7 13. dxe6 Nxa2 14. exd7
Nxc1 15. dxc8=Q Raxc8 16. Rxc1 g6 17. Ne5 Rfe8 18. f4 Kg7 19. h3 Qd6 20. g4
fxg4 21. hxg4 Rcd8 22. g5 Re7 23. Qh2 Rg8 24. Bxg6 Kf8 25. Bxh7 Rgg7 26. Bf5
Rg8 27. Kf2 {1-0 GM Gupta,A-Hanekom,J/Johannesburg, South Africa 2011} 1-0

[Event "Commonwealth & South African Open 2011"]
[Site "Emperors Casino and Conference"]
[Date "2011.06.24"]
[Round "2.3"]
[White "Pesa, Mofoka A"]
[Black "Jones, Gawain CB"]
[Result "0-1"]
[WhiteElo "1792"]
[BlackElo "2596"]
[PlyCount "27"]
[EventDate "2011.06.24"]

1. e4 c5 2. Bc4 e6 3. Qe2 Nc6 4. Nf3 a6 5. a4 Be7 6. d3 d5 7. Bb3 Nf6 8. e5 Nd7
9. O-O g5 10. h3 h5 11. Bxd5 exd5 12. e6 Nde5 13. Qxe5 Nxe5 14. Nxe5 {0-1 Pesa,
M-GM Janes,G/Johannesburg, South Africa 2011} 0-1

[Event "Commonwealth & South African Open 2011"]
[Site "Emperors Casino and Conference"]
[Date "2011.06.24"]
[Round "2.4"]
[White "Lafuente, Pablo"]
[Black "Modi, Jaishil"]
[Result "1-0"]
[WhiteElo "2555"]
[BlackElo "1790"]
[PlyCount "50"]
[EventDate "2011.06.24"]

1. d4 Nf6 2. Nf3 c5 3. d5 b5 4. Bg5 Ne4 5. Bh4 d6 6. Qd3 Qa5+ 7. c3 Nf6 8. e4
Nbd7 9. Nbd2 Rb8 10. Be2 g6 11. O-O Bg7 12. a4 b4 13. Nc4 Qc7 14. e5 Nxe5 15.
Nfxe5 Bf5 16. Qd1 dxe5 17. d6 Qd8 18. dxe7 Qxd1 19. Raxd1 bxc3 20. bxc3 Kxe7
21. Nxe5 Rhc8 22. Ba6 Rc7 23. Bg3 Rb6 24. Bc4 Rc8 25. a5 Re6 {1-0 GM Lafuente,
P-CM Modi,J/Johannesburg, South Africa 2011} 1-0

[Event "Commonwealth & South African Open 2011"]
[Site "Emperors Casino and Conference"]
[Date "2011.06.24"]
[Round "2.5"]
[White "Swanson, Donovan"]
[Black "Kunte, Abhijit"]
[Result "0-1"]
[WhiteElo "1786"]
[BlackElo "2526"]
[PlyCount "78"]
[EventDate "2011.06.24"]

1. c4 c5 2. Nc3 Nc6 3. g3 g6 4. Bg2 Bg7 5. Nf3 d6 6. O-O Nf6 7. d3 O-O 8. Bd2
Rb8 9. a3 a5 10. Rb1 Re8 11. Nd5 b5 12. b4 axb4 13. axb4 bxc4 14. Nxf6+ exf6
15. b5 cxd3 16. exd3 Na7 17. Qa4 Qd7 18. Rb3 Rxb5 19. Rfb1 Rxb3 20. Qxb3 Nc6
21. Qd5 Qc7 22. Bf4 Ne5 23. Bxe5 fxe5 24. Ng5 h6 25. Ne4 Rd8 26. Nc3 Be6 27.
Qf3 d5 28. Qe2 c4 29. dxc4 Qxc4 30. Qxc4 dxc4 31. Kf1 f5 32. Rb6 Bf7 33. Ke1 e4
34. Nb5 c3 35. Nd6 c2 36. Kd2 Be5 37. Kxc2 Rxd6 38. Rxd6 Bxd6 39. Bf1 Bc5 {0-1
Swanson,D-GM Kunte,A/Johannesburg, South Africa 2011} 0-1

[Event "Commonwealth & South African Open 2011"]
[Site "Emperors Casino and Conference"]
[Date "2011.06.24"]
[Round "2.6"]
[White "Smerdon, David"]
[Black "de Buck, Xavier"]
[Result "1-0"]
[WhiteElo "2520"]
[BlackElo "1780"]
[PlyCount "55"]
[EventDate "2011.06.24"]

1. Nf3 Nc6 2. d4 d5 3. c4 e6 4. Nc3 Nf6 5. Bg5 Be7 6. e3 O-O 7. Rc1 Re8 8. a3
dxc4 9. Bxc4 Bd7 10. O-O Nd5 11. Bxe7 Ncxe7 12. Ne5 Nb6 13. Ba2 Bc8 14. Ne4 Ng6
15. Qh5 Nxe5 16. dxe5 h6 17. Rfd1 Qe7 18. Rd4 Rd8 19. Nf6+ Kf8 20. Rg4 gxf6 21.
Qxh6+ Ke8 22. Rg8+ Kd7 23. exf6 Qd6 24. Qh5 Rf8 25. Rd1 Nd5 26. Bxd5 exd5 27.
Rxf8 Qxf8 28. Qxd5+ {1-0 GM Smerdon,D-de Buck,X/Johannesburg, South Africa 2011
} 1-0

[Event "Commonwealth & South African Open 2011"]
[Site "Emperors Casino and Conference"]
[Date "2011.06.24"]
[Round "2.7"]
[White "Guo, Hong-Wei Bill"]
[Black "Dronovali, Harika"]
[Result "0-1"]
[WhiteElo "1776"]
[BlackElo "2520"]
[PlyCount "96"]
[EventDate "2011.06.24"]

1. e4 e6 2. d4 d5 3. e5 c5 4. c3 Nc6 5. Nf3 Bd7 6. Be2 Nge7 7. Be3 Nf5 8. O-O
Be7 9. Qd2 Nxe3 10. Qxe3 Qb6 11. Qd2 O-O 12. a4 cxd4 13. cxd4 Na5 14. Ra2 Rac8
15. Nc3 Bb4 16. Qd3 h6 17. Bd1 Qc6 18. Ne2 Qc4 19. Qb1 Rc7 20. b3 Qa6 21. Rc2
Rfc8 22. Rxc7 Rxc7 23. Ne1 Bxe1 24. Rxe1 Nc6 25. Qb2 Nb4 26. Nc1 Qc6 27. Be2
Qc2 28. Qxc2 Nxc2 29. Rd1 Nxd4 30. Rxd4 Rxc1+ 31. Rd1 Rc2 32. Re1 g5 33. Kf1 f6
34. exf6 Kf7 35. Rb1 Kxf6 36. Ke1 e5 37. Ra1 Bf5 38. Bd1 Rc3 39. Kd2 d4 40. Rc1
Rxc1 41. Kxc1 e4 42. Kd2 a5 43. h3 Ke5 44. Be2 Be6 45. Bd1 Kd6 46. Kc1 Kc5 47.
Bc2 Bd5 48. Kd2 Kb4 {0-1 Guo,H-IM Dronovali,H/Johannesburg, South Africa 2011}
0-1

[Event "Commonwealth & South African Open 2011"]
[Site "Emperors Casino and Conference"]
[Date "2011.06.24"]
[Round "2.8"]
[White "Huschenbeth, Niclas"]
[Black "Southey, Andrew M"]
[Result "1-0"]
[WhiteElo "2502"]
[BlackElo "1773"]
[PlyCount "23"]
[EventDate "2011.06.24"]

1. e4 c5 2. Nf3 g6 3. d4 Bg7 4. dxc5 Qa5+ 5. c3 Qxc5 6. Na3 Bxc3+ 7. bxc3 Qxc3+
8. Qd2 Qxa1 9. Nb5 Qg7 10. Bb2 f6 11. Nc7+ Kd8 12. Ne6+ {1-0 IM Huschenbeth,
N-Southey,A/Johannesburg, South Africa 2011} 1-0

[Event "Commonwealth & South African Open 2011"]
[Site "Emperors Casino and Conference"]
[Date "2011.06.24"]
[Round "2.9"]
[White "Mavukani, Mafemani"]
[Black "Grover, Sahaj"]
[Result "0-1"]
[WhiteElo "1765"]
[BlackElo "2485"]
[PlyCount "76"]
[EventDate "2011.06.24"]

1. Nf3 g6 2. g3 Bg7 3. Bg2 d5 4. O-O Nf6 5. c4 O-O 6. cxd5 Nxd5 7. Nc3 Nb6 8.
d3 Nc6 9. Be3 h6 10. Rc1 e5 11. b4 Nd4 12. Nd2 c6 13. a4 Bg4 14. h3 Be6 15. b5
Qd7 16. bxc6 Nxc6 17. Kh2 Nd4 18. Nce4 Qxa4 19. Qxa4 Nxa4 20. Bxd4 exd4 21. Nd6
Nc3 22. Rfe1 a5 23. Nxb7 Ra7 24. Nc5 a4 25. Ra1 a3 26. Nxe6 fxe6 27. Bf3 a2 28.
Kg2 Rb8 29. Be4 Bf8 30. Bxg6 Rb2 31. Ne4 Nxe4 32. dxe4 Bb4 33. Red1 Bc3 34. Kf3
Kg7 35. Be8 Rb8 36. Bd7 Bxa1 37. Bxe6 Bc3 38. Bxa2 Rxa2 {0-1 Mavukani,M-IM
Grover,S/Johannesburg, South Africa 2011} 0-1

[Event "Commonwealth & South African Open 2011"]
[Site "Emperors Casino and Conference"]
[Date "2011.06.24"]
[Round "2.10"]
[White "Laxman, Rajaram"]
[Black "Cox, Rian"]
[Result "1-0"]
[WhiteElo "2446"]
[BlackElo "1763"]
[PlyCount "79"]
[EventDate "2011.06.24"]

1. e4 e5 2. Nf3 Nc6 3. Bc4 Nf6 4. d4 exd4 5. O-O d6 6. Nxd4 Be7 7. Nc3 Ne5 8.
Be2 c6 9. f4 Ned7 10. Kh1 O-O 11. Bf3 Ne8 12. Nf5 f6 13. Be3 Nb6 14. Nxe7+ Qxe7
15. b3 Be6 16. a4 Qc7 17. a5 Nd7 18. Qe1 f5 19. a6 b6 20. exf5 Bxf5 21. Nd5 Qd8
22. Nb4 Nb8 23. Nxc6 Nxc6 24. Bxc6 Rc8 25. Bd5+ Kh8 26. c4 Nc7 27. Bb7 Rb8 28.
Rd1 Bc8 29. Bxc8 Rxc8 30. Bd4 Rf7 31. f5 Kg8 32. f6 g6 33. Be5 Ne8 34. Bb2 Rc6
35. Qe4 Qc8 36. Rde1 Nxf6 37. Rxf6 Rxf6 38. Bxf6 Qd7 39. Qd5+ Qf7 40. Re8# {
1-0 GM Laxman,R-Cox,R/Johannesburg, South Africa 2011} 1-0